มุมมองปกติ
มุมมองแบบ MARC
- Roads
รายการ Topical Term
001 - CONTROL NUMBER
- control field: 66615
003 - CONTROL NUMBER IDENTIFIER
- control field: NALT
005 - DATE AND TIME OF LATEST TRANSACTION
- control field: 20250924145808.0
008 - FIXED-LENGTH DATA ELEMENTS
- fixed length control field: 250924|| aca||babn | a|a d
040 ## - CATALOGING SOURCE
- Original cataloging agency: NALT
150 ## - HEADING--TOPICAL TERM
- Topical term or geographic name entry element: Roads
- Geographic subdivision: South Africa
- General subdivision: Maps
